000 00304 a2200145 4500
001 76249
020 _a85-322-4508-0
040 _cAnchieta - Colégio São Paulo
240 1 0 _aBrasil indígena
_lpor
245 1 0 _aBrasil indígena
300 _a263
362 0 _a2000
650 4 _aBrasil
942 _cBK
999 _c76249
_d76249